| 000 | 00808nam a2200241 a 4500 | ||
|---|---|---|---|
| 003 | PILC | ||
| 005 | 20160204152519.0 | ||
| 008 | 100223s19uu xx 00 eng d | ||
| 020 | _a9781439037935 | ||
| 050 |
_aBF 431 _b.N48 2010 |
||
| 100 | _aNeukrug, Edward S. | ||
| 245 |
_aEssentials of testing and assessment : _ba practical guide for counselors, social workers, and psychologists / _cEdward S. Neukrug, R. Charles Fawcett. |
||
| 250 | _a2nd edition. | ||
| 260 |
_aAustralia : _bBrooks/Cole, _c2010. |
||
| 300 |
_a316 pages : _billustrations ; _c25 cm. |
||
| 500 | _aIncludes appendices, glossary and indexes. | ||
| 650 |
_aCognition _xTesting. |
||
| 650 | _aPsychological tests. | ||
| 650 | _aIntelligence Tests. | ||
| 700 | _aFawcett, R. Charles. | ||
| 942 |
_cBK _2lcc _kFOR |
||
| 999 |
_c23753 _d23753 |
||